zpět

Detail výsledku týmu

Radegastovna Rex, Zlín

Datum a čas kvízu

19.5 Celkem bodů Celkový počet nahraných bodů na tomto kvízu bez doplňovacích otázek.
11. Pořadí na kvízu Konečné umístění týmu na tomto kvízu.

Zaznamenané odpovědi

# Otázka Odpověď Body Výsledky
1. Příslušníci jisté profese se v... popeláři 0
2. Parašutista Nicolas Scarabrin... oko jehly 0
3. Která moderátorka oznámila, že... Lucie Výborná 0
4. Která značka představila minul... Jawa 0
5. Brankář Anatolij Trubin v posl... Benfica Lisabon 0
6. Na obrázku níže můžete vidět d... Drákula a Frankenstein 0.5
7. Co by to bylo za hororové téma... C 0
8. Ze které (převážně videoherní)... Resident Evil 0
9. Michael Myers, zabiják ze séri... A 0
10. Čím je inspirován česko-americ... D 1